000 02832cam a2200325 i 4500
001 000015434
003 DO-SdBNP
005 20251104113514.0
007 ta
008 890322k19861989ve a 000 0 spa d
040 _aDO-SdBNP
_bspa
_cBNPHU
_dBNPHU
082 4 _a343.0487
_bR426r
110 1 _aRepública de Venezuela.
_bComisión de Estudio y Reforma Fiscal
_934842
245 1 3 _aLa Reforma del sistema fiscal venezolano /
_cinvestigación y edición dirigida por Tomás Enrique Carrillo Batalla.
264 _aCaracas :
_bComisión de Estudio y Reforma Fiscal,
_c1986-1989.
300 _avolumen :
_bilustraciones ,
_c24 cm.
336 _2rdacontent
_atexto
_btxt
337 _2rdamedia
_asin mediación
_bn
338 _2rdacarrier
_avolumen
_bnc
505 0 _gv.3.
_tAdministración aduanera y tributaria del gobierno central de Venezuela --
_gv.5.
_tLa industria petrolera como ente generador de recursos financieros --
_gv.9. t.1.
_tAnálisis de los efectos económicos y sociales del gasto público en Venezuela --
_gv.11. t.3.
_tAnálisis de los efectos económicos y sociales del gasto público en Venezuela --
_gv.13. t.2
_tLa educación en Venezuela, su costo y los resultados obtenidos --
_gv.14.
_tEficiencia del gasto público en el área de servicio público --
_gv.16. t.1.
_tEficiencia del gasto público en el Ministerio de Justicia --
_gv.17. t.2.
_tEficiencia del gasto público en el Ministerio de Justicia --
_gv.19.
_tPlanificación y presupuesto en Venezuela --
_gv.20.
_tEl sistema estadístico del sector público y cuentas nacionales de Venezuela --
_gv.21.
_tLa deuda pública venezolana.
505 0 _gv.23.
_tAdministración, control y contabilidad fiscal en Venezuela --
_gv.24.
_tLas empresas públicas del estado venezolano --
_gv.25.
_tTesorería nacional, contabiblidad administrativa y control de gestión en Venezuela --
_gv.26.
_tDiagnóstico de los principales sistemas administrativos y de los aspectos financieros del Instituto Nacional de Cooperación Educativa (INCE) --
_gv.27.
_tAdministración, contabilidad y control fiscal en el Ministerio del Ambiente y de los Recursos Naturales Renovables (M.A.R.N.) --
_gv.28.
_tMinisterio de Transporte y Comunicaciones, Ministerio de Hacienda y la industria petrolera y petroquímica de Venezuela --
_gv.30. t.1.
_tEl sistema de administración de personal en la administración pública nacional de Venezuela --
_gv.31. t.2.
_tEl sistema de administración de personal en la administración pública --
_gv.32.
_tProyectos de leyes.
650 4 _aHacienda pública
_zVenezuela
_934843
650 0 _aAdministración pública
_99266
650 0 _aPolítica monetaria
_930588
650 4 _aPolítica de finanzas públicas
_97416
700 1 _aCarrillo Batalla, Tomás Enrique,
_eedición
_934844
910 _aCatalogación derivada
910 _aWM
942 _2ddc
_cLBS1
999 _c14992
_d14992